[Event "17th 4NCL Congress"]
[Site "Harrogate"]
[Date "2018.01.19"]
[Round "1"]
[Board "1"]
[White "KENDALL, Paul Sn"]
[Black "JACOB, Sydney J"]
[Result "1/2-1/2"]
[WhiteElo "1970"]
[BlackElo "1815"]
[PlyCount "86"]
[EventDate "2018.01.19"]
[EventRounds "5"]
[EventCountry "ENG"]

1. e4 c5 2. Nc3 e6 3. f4 a6 4. a4 Nc6 5. Nf3 d6 6. g3 Nf6 7. Bg2 Be7 8. O-O O-O
9. d3 Qc7 10. h3 Bd7 11. g4 Nd4 12. g5 Ne8 13. Nxd4 cxd4 14. Ne2 e5 15. c3 dxc3
16. Nxc3 Qa5 17. Kh1 Nc7 18. f5 g6 19. Qf3 gxf5 20. Be3 fxe4 21. Nxe4 Qd5 22.
Bb6 Qc6 23. Bxc7 Qxc7 24. Qh5 Bc6 25. Rac1 Kh8 26. Rf6 Rg8 27. Rxf7 Rg7 28.
Rxg7 Kxg7 29. Qh6+ Kg8 30. Rf1 Rf8 31. Rxf8+ Bxf8 32. Nf6+ Kf7 33. Qxh7+ Bg7
34. Nd5 Qc8 35. Be4 Qe6 36. Qh5+ Kg8 37. Qf3 Qf7 38. Qg2 Kf8 39. Nc3 Qf4 40.
Ne2 Qd2 41. Qf3+ Ke7 42. h4 Qe1+ 43. Kg2 Qxh4 1/2-1/2

[Event "17th 4NCL Congress"]
[Site "Harrogate"]
[Date "2018.01.19"]
[Round "1"]
[Board "2"]
[White "POTTER, Steven"]
[Black "BENNETT, Dominic L"]
[Result "0-1"]
[WhiteElo "1812"]
[BlackElo "1969"]
[PlyCount "78"]
[EventDate "2018.01.19"]
[EventRounds "5"]
[EventCountry "ENG"]

1. d4 e6 2. Nf3 c5 3. Bg5 Qb6 4. d5 h6 5. Bc1 exd5 6. Qxd5 Nf6 7. Qb3 Be7 8.
Nc3 O-O 9. g3 Nc6 10. Bg2 Rd8 11. O-O d5 12. e3 Nb4 13. Na4 Qa6 14. c3 Nd3 15.
c4 dxc4 16. Qa3 Rb8 17. Nc3 Qb6 18. Ne1 g6 19. Nf3 Qe6 20. Ne2 b5 21. Nf4 Qb6
22. Qc3 Bf5 23. Nh4 Ne4 24. Nxf5 Nxc3 25. Nxe7+ Kf8 26. bxc3 Nxf4 27. Nc6 Nxg2
28. Nxd8 Nh4 29. gxh4 Rxd8 30. Ba3 b4 31. Bb2 Qe6 32. cxb4 Rd6 33. h5 Qg4+ 34.
Kh1 Qf3+ 35. Kg1 Rd5 36. h4 Qg4+ 37. Kh1 Qxh4+ 38. Kg2 Qg4+ 39. Kh2 Rxh5# 0-1

[Event "17th 4NCL Congress"]
[Site "Harrogate"]
[Date "2018.01.19"]
[Round "1"]
[Board "3"]
[White "DE COVERLY, Roger D"]
[Black "WARD, Matthew"]
[Result "1-0"]
[WhiteElo "1969"]
[BlackElo "1810"]
[PlyCount "69"]
[EventDate "2018.01.19"]
[EventRounds "5"]
[EventCountry "ENG"]

1. e4 c5 2. Nf3 Nc6 3. d4 cxd4 4. Nxd4 d6 5. Nc3 g6 6. Be3 Bg7 7. Bc4 Nf6 8. f3
Ne5 9. Bb3 Bd7 10. Qd2 Rc8 11. Bh6 O-O 12. Bxg7 Kxg7 13. O-O-O Nc4 14. Qe2 Qc7
15. Bxc4 Qxc4 16. Qxc4 Rxc4 17. Rhe1 Rfc8 18. f4 e5 19. Nf3 b5 20. fxe5 dxe5
21. Nxe5 R4c7 22. Nxd7 Nxd7 23. Re2 a6 24. Rd6 Nc5 25. e5 Rc6 26. Rxc6 Rxc6 27.
Kd2 Re6 28. Nd5 Re8 29. Nf4 Nd7 30. e6 fxe6 31. Rxe6 Rd8 32. Ke3 Nc5 33. Rc6
Re8+ 34. Kf3 Re5 35. Rxc5 1-0

[Event "17th 4NCL Congress"]
[Site "Harrogate"]
[Date "2018.01.19"]
[Round "1"]
[Board "4"]
[White "DESMEDT, Richard E"]
[Black "COHEN, Gerald M"]
[Result "0-1"]
[WhiteElo "1806"]
[BlackElo "1953"]
[PlyCount "74"]
[EventDate "2018.01.19"]
[EventRounds "5"]
[EventCountry "ENG"]

1. d4 Nf6 2. Nd2 d5 3. e3 c5 4. c3 Nc6 5. Bd3 e6 6. f4 Bd6 7. Qf3 cxd4 8. exd4
Qc7 9. Nh3 Bd7 10. O-O h6 11. g3 O-O-O 12. Nb3 Be7 13. Nf2 Rdg8 14. Nc5 Bxc5
15. dxc5 e5 16. Bb5 e4 17. Qe2 a6 18. Bxc6 Qxc6 19. Be3 Qb5 20. Qxb5 Bxb5 21.
Rfe1 Kd7 22. a4 Bc6 23. Bd4 Ke7 24. Bxf6+ Kxf6 25. Ng4+ Ke6 26. Ne5 g5 27. Nxc6
bxc6 28. fxg5 hxg5 29. Rf1 f5 30. Rf2 f4 31. Raf1 Ke5 32. gxf4+ gxf4+ 33. Rg2
f3 34. Rg3 Kf4 35. b4 Rxg3+ 36. hxg3+ Kxg3 37. b5 axb5 0-1

[Event "17th 4NCL Congress"]
[Site "Harrogate"]
[Date "2018.01.19"]
[Round "1"]
[Board "5"]
[White "WILLIAMSON, Graham Ag"]
[Black "CLAPHAM, Michael Jw"]
[Result "1/2-1/2"]
[WhiteElo "1801"]
[BlackElo "1923"]
[PlyCount "35"]
[EventDate "2018.01.19"]
[EventRounds "5"]
[EventCountry "ENG"]

1. d4 Nf6 2. Bf4 e6 3. e3 c5 4. c3 b6 5. Nf3 Bb7 6. Nbd2 Be7 7. Bd3 O-O 8. Qe2
cxd4 9. cxd4 Nd5 10. Bg3 Nb4 11. a3 Nxd3+ 12. Qxd3 d6 13. h4 Nd7 14. Ne4 Bxe4
15. Qxe4 Rc8 16. Ng5 Nf6 17. Qd3 Qc7 18. Kd2 1/2-1/2

[Event "17th 4NCL Congress"]
[Site "Harrogate"]
[Date "2018.01.19"]
[Round "1"]
[Board "6"]
[White "HOLROYD, Nigel P"]
[Black "GOODFELLOW, Russell R"]
[Result "1/2-1/2"]
[WhiteElo "1916"]
[BlackElo "1768"]
[PlyCount "90"]
[EventDate "2018.01.19"]
[EventRounds "5"]
[EventCountry "ENG"]

1. d4 f5 2. g3 e6 3. Bg2 Nf6 4. Bg5 Be7 5. Nd2 O-O 6. e3 h6 7. Bxf6 Bxf6 8. Ne2
c5 9. Rb1 cxd4 10. exd4 d6 11. O-O Qc7 12. c3 Kh7 13. Nf4 g5 14. Nh5 Bh8 15. f4
g4 16. h3 gxh3 17. Bxh3 Nc6 18. g4 Ne7 19. Qe2 fxg4 20. Bxg4 Nf5 21. Kf2 Bd7
22. Rh1 Rae8 23. Rbg1 e5 24. Qe4 exd4 25. Nf6+ Rxf6 26. Rxh6+ Kxh6 27. Qh1+ Kg7
28. Bxf5+ Kf8 29. Qh7 Re2+ 30. Kf1 Rg2 31. Qxh8+ Ke7 32. Rxg2 Bxf5 33. Re2+ Be6
34. Qg7+ Rf7 35. Qxd4 d5 36. Qxd5 Qxf4+ 37. Ke1 Qg3+ 38. Kd1 Qg1+ 39. Kc2 Qg6+
40. Qe4 Qxe4+ 41. Nxe4 Rf5 42. b3 Kd7 43. Rd2+ Kc7 44. Ng3 Rg5 45. Ne2 Bf5+
 1/2-1/2

[Event "17th 4NCL Congress"]
[Site "Harrogate"]
[Date "2018.01.19"]
[Round "1"]
[Board "7"]
[White "TEAGUE, David"]
[Black "MCKERRACHER, Douglas"]
[Result "0-1"]
[WhiteElo "1757"]
[BlackElo "1912"]
[PlyCount "82"]
[EventDate "2018.01.19"]
[EventRounds "5"]
[EventCountry "ENG"]

1. e4 d5 2. exd5 Qxd5 3. Nc3 Qa5 4. Nf3 Nf6 5. Be2 Bf5 6. O-O e6 7. d4 c6 8.
Bg5 Nbd7 9. Bf4 Be7 10. h3 O-O 11. Nh4 Bg6 12. Nxg6 hxg6 13. Bd3 Nd5 14. Nxd5
cxd5 15. Qe2 Qb6 16. c3 Rac8 17. Rfe1 a6 18. Rac1 Rfe8 19. Rc2 Bf6 20. Qg4 Nf8
21. Rce2 Qd8 22. Bg3 Be7 23. h4 f5 24. Qh3 Qd7 25. h5 g5 26. Be5 Bf6 27. Qg3
Qf7 28. Bd6 Be7 29. Bxe7 Rxe7 30. Qxg5 Rec7 31. Qh4 Qf6 32. Qh3 g6 33. hxg6 Rg7
34. Rxe6 Nxe6 35. Bxf5 Ng5 36. Be6+ Qxe6 37. Rxe6 Nxh3+ 38. gxh3 Kf8 39. h4 Rc6
40. Rxc6 bxc6 41. h5 Ke7 0-1

[Event "17th 4NCL Congress"]
[Site "Harrogate"]
[Date "2018.01.19"]
[Round "1"]
[Board "8"]
[White "BAGLEY, Andy J"]
[Black "TAIT, Bill"]
[Result "1-0"]
[WhiteElo "1907"]
[BlackElo "1712"]
[PlyCount "111"]
[EventDate "2018.01.19"]
[EventRounds "5"]
[EventCountry "ENG"]

1. d4 Nf6 2. c4 e6 3. Nc3 Bb4 4. f3 c5 5. a3 Bxc3+ 6. bxc3 d6 7. e4 e5 8. d5
Nxe4 9. fxe4 Qh4+ 10. Ke2 Qxe4+ 11. Kf2 Qf5+ 12. Qf3 Qc2+ 13. Be2 Bf5 14. Nh3
Be4 15. Qe3 Bg6 16. Rd1 Bh5 17. Rd2 Qf5+ 18. Kg1 Bxe2 19. Rxe2 O-O 20. Qe4 Qxe4
21. Rxe4 f5 22. Re2 h6 23. a4 b6 24. Nf2 Nd7 25. h4 Kh7 26. a5 bxa5 27. Rxa5
Nb6 28. Rea2 Rf7 29. Rb5 Rb7 30. Nd3 a6 31. Rb3 f4 32. Rab2 Rab8 33. Nf2 a5 34.
Rb5 a4 35. Rb1 Ra7 36. Rxb6 Rxb6 37. Rxb6 a3 38. Ne4 a2 39. Bb2 a1=Q+ 40. Bxa1
Rxa1+ 41. Kf2 Ra4 42. Nxd6 g5 43. hxg5 hxg5 44. Rb2 Kg6 45. Re2 Kf6 46. Ne4+
Kf5 47. d6 g4 48. Nxc5 g3+ 49. Kf1 Kg4 50. d7 f3 51. Re4+ Kf5 52. gxf3 Ra2 53.
d8=Q Rh2 54. Qf8+ Kg5 55. Rg4+ Kh5 {both scoresheets record Kh6 here} 56. Qh8#
 1-0

[Event "17th 4NCL Congress"]
[Site "Harrogate"]
[Date "2018.01.19"]
[Round "1"]
[Board "9"]
[White "MAY, Paul"]
[Black "PINK, Joshua"]
[Result "1/2-1/2"]
[WhiteElo "1689"]
[BlackElo "1893"]
[PlyCount "76"]
[EventDate "2018.01.19"]
[EventRounds "5"]
[EventCountry "ENG"]

1. d4 Nf6 2. c4 e5 3. dxe5 Ne4 4. Nd2 Nc5 5. b4 Ne6 6. a3 Nc6 7. Ngf3 d6 8. Bb2
a5 9. b5 Nxe5 10. Nxe5 dxe5 11. Bxe5 Bc5 12. Ne4 Bd4 13. Bxd4 Qxd4 14. Qxd4
Nxd4 15. O-O-O Nb3+ 16. Kb2 a4 17. e3 O-O 18. Be2 Bf5 19. Nc3 Be6 20. Nxa4 Na5
21. Rd4 Nxc4+ 22. Bxc4 Rxa4 23. Kb3 Rxc4 24. Rxc4 Rd8 25. Kc3 Bxc4 26. Kxc4 Rd2
27. Rf1 Kf8 28. g4 g5 29. h3 Ke7 30. f4 Re2 31. Rf3 f6 32. fxg5 fxg5 33. Kd4
Ke6 34. e4 h6 35. Rc3 Kd6 36. Rf3 Ke6 37. Rc3 Kd6 38. Rf3 Ke6 1/2-1/2

[Event "17th 4NCL Congress"]
[Site "Harrogate"]
[Date "2018.01.19"]
[Round "1"]
[Board "10"]
[White "WHITEHEAD, Mark A"]
[Black "HALL, David G"]
[Result "1-0"]
[WhiteElo "1887"]
[BlackElo "1664"]
[PlyCount "107"]
[EventDate "2018.01.19"]
[EventRounds "5"]
[EventCountry "ENG"]

1. e4 g6 2. Nc3 Bg7 3. g3 c6 4. Bg2 d6 5. a4 e5 6. d3 Ne7 7. Nh3 O-O 8. O-O f5
9. f3 h6 10. Qe2 Be6 11. Kh1 Nd7 12. f4 Qc7 13. fxe5 dxe5 14. exf5 gxf5 15. Bd2
Rae8 16. Rae1 Nb6 17. Qh5 Bf7 18. Qd1 Bg6 19. Qc1 Kh7 20. a5 Nbd5 21. Ne2 Qd6
22. Nf2 Ng8 23. c4 Nc7 24. b4 Ne6 25. Bc3 Nd4 26. Nxd4 exd4 27. Bd2 Nf6 28. Nh3
Ng4 29. Nf4 Rxe1 30. Rxe1 Bf7 31. h3 Ne5 32. Qd1 Re8 33. Kh2 Re7 34. Qb1 Ng6
35. Rxe7 Qxe7 36. a6 Nxf4 37. Bxf4 bxa6 38. Bxc6 Qe2+ 39. Kg1 Be5 40. Qf1 Qxf1+
41. Kxf1 Bf6 42. Bd6 Be6 43. Bb7 f4 44. g4 h5 45. Be4+ Kh6 46. Bxf4+ Bg5 47.
Bxg5+ Kxg5 48. gxh5 Bxh3+ 49. Kf2 Kxh5 50. Kg3 Be6 51. Kf4 Bd7 52. Ke5 Kg5 53.
Kxd4 Bc8 54. Ke5 1-0

[Event "17th 4NCL Congress"]
[Site "Harrogate"]
[Date "2018.01.19"]
[Round "1"]
[Board "11"]
[White "ROSS, Stuart"]
[Black "BIELBY, Paul R"]
[Result "0-1"]
[WhiteElo "1645"]
[BlackElo "1883"]
[PlyCount "86"]
[EventDate "2018.01.19"]
[EventRounds "5"]
[EventCountry "ENG"]

1. e4 e5 2. Nf3 Nc6 3. Bb5 a6 4. Ba4 d6 5. O-O Bg4 6. c3 Qf6 7. d3 Bxf3 8. Qxf3
Qxf3 9. gxf3 Nge7 10. Be3 f5 11. f4 exf4 12. Bxf4 g5 13. Be3 O-O-O 14. exf5
Nxf5 15. Nd2 Be7 16. Bxc6 bxc6 17. Rae1 Kd7 18. Ne4 Rdf8 19. Kh1 Rhg8 20. Ng3
Nh4 21. f4 g4 22. Re2 Nf5 23. Kg2 Nh4+ 24. Kh1 d5 25. f5 Bd6 26. Bh6 Rf6 27.
Bf4 Nxf5 28. Nxf5 Rxf5 29. Ref2 Rgf8 30. Be3 Ke6 31. Rxf5 Rxf5 32. Rxf5 Kxf5
33. Kg2 h5 34. Bf2 c5 35. h3 c4 36. dxc4 dxc4 37. Bd4 Ke4 38. hxg4 hxg4 39. b3
Kd3 40. Bf6 a5 41. bxc4 Kxc4 42. Bd4 a4 43. Kf1 Bb4 0-1

[Event "17th 4NCL Congress"]
[Site "Harrogate"]
[Date "2018.01.19"]
[Round "1"]
[Board "12"]
[White "BURNS, Martin J"]
[Black "FRITH, Shane S"]
[Result "1-0"]
[WhiteElo "1867"]
[BlackElo "1629"]
[PlyCount "63"]
[EventDate "2018.01.19"]
[EventRounds "5"]
[EventCountry "ENG"]

1. e4 d5 2. exd5 Nf6 3. d4 Bg4 4. Be2 Bxe2 5. Nxe2 Qxd5 6. O-O Nc6 7. c4 Qh5 8.
d5 O-O-O 9. Nbc3 e6 10. Qa4 exd5 11. Nf4 Qf5 12. cxd5 Nxd5 13. Nfxd5 Rxd5 14.
Nxd5 Qxd5 15. Be3 h5 16. Rad1 Qe5 17. Qf4 Qxf4 18. Bxf4 Bc5 19. Rfe1 g6 20. a3
a6 21. b4 Bd4 22. Re4 Bf6 23. Kf1 g5 24. Bc1 b5 25. Rd5 Ne7 26. Rd3 Rh7 27. Rf3
Nd5 28. Rf5 c6 29. Bxg5 Bxg5 30. Rxg5 Nf6 31. Re7 Nd5 32. Rg8# 1-0

[Event "17th 4NCL Congress"]
[Site "Harrogate"]
[Date "2018.01.19"]
[Round "1"]
[Board "13"]
[White "BROOKE, John"]
[Black "SLINGER, Aj (Tony)"]
[Result "0-1"]
[WhiteElo "1622"]
[BlackElo "1863"]
[PlyCount "64"]
[EventDate "2018.01.19"]
[EventRounds "5"]
[EventCountry "ENG"]

1. Nc3 Nf6 2. g3 e5 3. Bg2 d5 4. e3 c6 5. d3 Bd6 6. h3 Nbd7 7. a3 O-O 8. g4 Ne8
9. Nf3 Nc7 10. Bd2 Re8 11. Ne2 Nf8 12. Ng3 e4 13. Nd4 Bxg3 14. fxg3 exd3 15.
cxd3 Nce6 16. Nf5 Nc5 17. O-O Bxf5 18. Rxf5 Nxd3 19. Qb3 Nc5 20. Qa2 Ne4 21.
Bxe4 Rxe4 22. Raf1 Qc7 23. Kg2 Re7 24. b4 Rae8 25. Qb3 Ng6 26. Bc1 Ne5 27. Bb2
Nc4 28. Bd4 Nxe3+ 29. Bxe3 Rxe3 30. Rxf7 Qxg3+ 31. Kh1 Qxh3+ 32. Kg1 Qxg4+ 0-1

[Event "17th 4NCL Congress"]
[Site "Harrogate"]
[Date "2018.01.19"]
[Round "1"]
[Board "14"]
[White "ROBSON, Paul E"]
[Black "ROBERTS, Malcolm A"]
[Result "1/2-1/2"]
[WhiteElo "1857"]
[BlackElo "1618"]
[PlyCount "70"]
[EventDate "2018.01.19"]
[EventRounds "5"]
[EventCountry "ENG"]

1. c4 e5 2. g3 Nf6 3. Bg2 Nc6 4. Nc3 Bc5 5. e3 O-O 6. Nge2 Re8 7. d3 a6 8. O-O
d6 9. Rb1 Rb8 10. a3 Bd7 11. b4 Ba7 12. b5 Ne7 13. a4 a5 14. Qb3 Bb6 15. Ba3
Be6 16. Nd5 Nexd5 17. cxd5 Bg4 18. Rfe1 Qd7 19. Qc4 Bh3 20. Nc3 Bxg2 21. Kxg2
Qg4 22. Ne4 Nxe4 23. Qxe4 Qxe4+ 24. dxe4 g6 25. Rbc1 f6 26. Rc4 Kf7 27. Rec1
Re7 28. R1c2 Rf8 29. Bc1 Kg7 30. Ba3 Ref7 31. Bc1 h6 32. Bb2 Kh7 33. Re2 Bc5
34. Bc3 Bb6 35. Be1 Kg7 1/2-1/2

[Event "17th 4NCL Congress"]
[Site "Harrogate"]
[Date "2018.01.19"]
[Round "1"]
[Board "15"]
[White "CZESTOCHOWSKI, Eddie"]
[Black "CAWSTON, M John"]
[Result "0-1"]
[WhiteElo "1612"]
[BlackElo "1856"]
[PlyCount "198"]
[EventDate "2018.01.19"]
[EventRounds "5"]
[EventCountry "ENG"]

1. d4 d5 2. Nc3 Nf6 3. Bg5 c5 4. Nf3 Nc6 5. e3 e6 6. Bb5 Bd7 7. O-O Be7 8. a3
h6 9. Bh4 O-O 10. dxc5 Bxc5 11. Bd3 Be7 12. h3 Re8 13. Bg3 Qb6 14. Rb1 Bf8 15.
Ne5 Nxe5 16. Bxe5 Be7 17. Ne2 Bb5 18. Nf4 Bxd3 19. Nxd3 Rac8 20. Bd4 Qc7 21.
Rc1 b5 22. b4 a5 23. Be5 Qa7 24. Bd4 Qa8 25. Nc5 axb4 26. axb4 Qc6 27. Ra1 Ra8
28. Qb1 Rxa1 29. Qxa1 Ra8 30. Qb2 Ne8 31. Ra1 Bf6 32. Rxa8 Qxa8 33. Nd7 Bxd4
34. exd4 Nd6 35. c3 Nc4 36. Qc1 Qa3 37. Qe1 Qb2 38. Kh2 Qa2 39. Ne5 Qd2 40. Nf3
Qxe1 41. Nxe1 Nd2 42. Nc2 Ne4 43. Na3 Nxc3 44. g3 Kf8 45. Kg2 Ke7 46. Kf3 Kd6
47. Ke3 Kc6 48. f3 f6 49. Kd2 Na4 50. Kc2 Nb6 51. Kd3 Nc4 52. Nc2 Nd6 53. g4 g5
54. Ke3 e5 55. dxe5 fxe5 56. Kd3 d4 57. Ne1 Kc7 58. Kd2 Kb6 59. Kd3 Kc6 60. Kd2
Kd5 61. Kd3 Nc4 62. Nc2 Kd6 63. Ne1 Ke6 64. Nc2 Kd5 65. Ne1 Ne3 66. Kd2 e4 67.
fxe4+ Kxe4 68. Nd3 Nd5 69. Nc5+ Kf3 70. Ne6 Nxb4 71. Nxd4+ Kg3 72. Nf5+ Kxh3
73. Nxh6 Nd5 74. Kd3 b4 75. Kc4 Kg3 76. Kb3 Kf4 77. Ka4 Ke5 78. Nf5 Ke4 79. Nh6
Kd4 80. Kb3 Ke3 81. Nf7 Kf4 82. Nh6 Ke5 83. Nf5 Kf6 84. Kc4 Ne7 85. Ne3 Ke5 86.
Nd1 Kf4 87. Kxb4 Nd5+ 88. Kc5 Ne3 89. Nc3 Nxg4 90. Kd4 Ne3 91. Ne4 g4 92. Kd3
Nf1 93. Nf2 g3 94. Ke2 g2 95. Nh3+ Kg3 96. Ng1 Kh2 97. Kf2 Nd2 98. Ne2 Ne4+ 99.
Ke1 Ng3 0-1

[Event "17th 4NCL Congress"]
[Site "Harrogate"]
[Date "2018.01.19"]
[Round "1"]
[Board "16"]
[White "HINCHCLIFFE, Gary"]
[Black "ROBINSON, Brian"]
[Result "1-0"]
[WhiteElo "1856"]
[BlackElo "1610"]
[PlyCount "43"]
[EventDate "2018.01.19"]
[EventRounds "5"]
[EventCountry "ENG"]

1. d4 d5 2. Nf3 Nf6 3. Bf4 e6 4. e3 c5 5. c3 Nc6 6. Nbd2 Be7 7. h3 O-O 8. Bd3
Bd7 9. O-O cxd4 10. cxd4 Rc8 11. a3 Na5 12. Ne5 Qb6 13. b4 Nc6 14. Qb1 Rfd8 15.
Nb3 a6 16. Nc5 Be8 17. Rc1 Na7 18. Ra2 Bb5 19. Rac2 Bxd3 20. Nexd3 Nc6 21. Ne5
Qa7 22. Nxb7 1-0

[Event "17th 4NCL Congress"]
[Site "Harrogate"]
[Date "2018.01.19"]
[Round "1"]
[Board "17"]
[White "OLIVER, Bruce R"]
[Black "DEAN, Robert A"]
[Result "1/2-1/2"]
[WhiteElo "1571"]
[BlackElo "1851"]
[PlyCount "57"]
[EventDate "2018.01.19"]
[EventRounds "5"]
[EventCountry "ENG"]

1. d4 d5 2. Nf3 Nf6 3. e3 g6 4. c4 e6 5. Nc3 Bg7 6. Bd3 O-O 7. O-O dxc4 8. Bxc4
Nbd7 9. e4 Nb6 10. Bb3 c6 11. Bg5 Qe8 12. Qd2 Nbd7 13. e5 Nd5 14. Ne4 f6 15.
Bh6 fxe5 16. Bxg7 Kxg7 17. dxe5 Qe7 18. Rfe1 N7b6 19. Nd6 Nd7 20. Rac1 Nxe5 21.
Nxe5 Qxd6 22. Rc4 Qe7 23. g3 Rf5 24. Rh4 Qg5 25. Qd4 Kg8 26. Rg4 Qf6 27. Bc2
Rg5 28. Rh4 Rh5 29. Rxh5 1/2-1/2

[Event "17th 4NCL Congress"]
[Site "Harrogate"]
[Date "2018.01.19"]
[Round "1"]
[Board "18"]
[White "MORT, Andrew J"]
[Black "TANGIRALA, Aditya"]
[Result "0-1"]
[WhiteElo "1826"]
[BlackElo "1447"]
[PlyCount "120"]
[EventDate "2018.01.19"]
[EventRounds "5"]
[EventCountry "ENG"]

1. c4 Nf6 2. g3 g6 3. Bg2 Bg7 4. Nc3 O-O 5. Nf3 d6 6. O-O Nc6 7. d3 Bg4 8. Rb1
a5 9. a3 Qd7 10. Re1 Rfb8 11. b4 Ne8 12. Nb5 Bxf3 13. exf3 Nd4 14. Nxd4 Bxd4
15. b5 e5 16. Be3 Ng7 17. Qd2 Nf5 18. Bh3 Bxe3 19. fxe3 Qe7 20. Bxf5 gxf5 21.
Re2 Rd8 22. d4 c6 23. bxc6 bxc6 24. Qc2 e4 25. f4 d5 26. c5 Rab8 27. Ree1 Qa7
28. Qa4 Qa6 29. Rb3 Rxb3 30. Qxb3 Re8 31. Kf2 Re7 32. Qb6 Qxb6 33. cxb6 Rb7 34.
Rb1 Kf8 35. Rc1 Rxb6 36. Rc5 Ra6 37. Kg2 a4 38. Kh3 Ke7 39. Kh4 f6 40. Kh5 Kd6
41. g4 fxg4 42. Kxg4 Ke6 43. f5+ Kd6 44. Kh5 Rb6 45. Kh6 Rb3 46. Kg7 Rxa3 47.
Ra5 Rxe3 48. Kxf6 Rf3 49. Rxa4 e3 50. Ra1 Rf2 51. Re1 e2 52. h4 c5 53. dxc5+
Kxc5 54. Ke5 d4 55. Ke4 Kc4 56. f6 Rxf6 57. Rxe2 Re6+ 58. Kf3 Rxe2 59. Kxe2 Kc3
60. Kd1 Kd3 0-1

[Event "17th 4NCL Congress"]
[Site "Harrogate"]
[Date "2018.01.20"]
[Round "2"]
[Board "1"]
[White "BENNETT, Dominic L"]
[Black "BURNS, Martin J"]
[Result "1-0"]
[WhiteElo "1969"]
[BlackElo "1867"]
[PlyCount "103"]
[EventDate "2018.01.19"]
[EventRounds "5"]
[EventCountry "ENG"]

1. d4 Nf6 2. c4 g6 3. g3 Bg7 4. Bg2 O-O 5. Nf3 d6 6. Nc3 Nbd7 7. O-O Re8 8. Qc2
c6 9. Rd1 a6 10. h3 Qc7 11. e4 e5 12. Be3 b5 13. c5 dxc5 14. dxc5 Bb7 15. b4
Nf8 16. Nd2 a5 17. bxa5 Qxa5 18. Nb3 Qc7 19. a4 bxa4 20. Nxa4 Ne6 21. Nb6 Rxa1
22. Rxa1 Rd8 23. Nc4 Nd7 24. Nb2 Ra8 25. Rxa8+ Bxa8 26. Bf1 Qa7 27. Bc4 Nd4 28.
Bxd4 exd4 29. Nd3 Bb7 30. f4 Nf6 31. Ne5 Nh5 32. Nxf7 Kf8 33. Ng5 Bc8 34. Nxh7+
Ke7 35. Ng5 Nxg3 36. Qd3 Nh5 37. e5 Nxf4 38. Qxd4 Qd7 39. Qxf4 Qd1+ 40. Qf1
Qxf1+ 41. Bxf1 Bxe5 42. Bg2 Bd7 43. Kf2 Kf6 44. Nf3 Bf4 45. Ke2 Be6 46. Na5 Bc1
47. Nd4 Ba3 48. Nxe6 Kxe6 49. Nb3 Kd7 50. Kd3 Bb4 51. Kc4 Be1 52. Nd4 1-0

[Event "17th 4NCL Congress"]
[Site "Harrogate"]
[Date "2018.01.20"]
[Round "2"]
[Board "2"]
[White "BIELBY, Paul R"]
[Black "DE COVERLY, Roger D"]
[Result "1/2-1/2"]
[WhiteElo "1883"]
[BlackElo "1969"]
[PlyCount "92"]
[EventDate "2018.01.19"]
[EventRounds "5"]
[EventCountry "ENG"]

1. e4 e5 2. Nf3 Nc6 3. Bb5 a6 4. Ba4 Nf6 5. O-O Be7 6. Re1 b5 7. Bb3 O-O 8. c3
d5 9. exd5 Nxd5 10. d4 exd4 11. Nxd4 Nxd4 12. Qxd4 Bb7 13. Nd2 Re8 14. Nf3 c5
15. Qd1 Nf6 16. Bf4 c4 17. Bc2 Qb6 18. Be3 Qc7 19. Nd4 Rad8 20. h3 g6 21. Re2
Bf8 22. Qe1 Qb8 23. Rd1 Nd5 24. Bg5 Rxe2 25. Qxe2 Re8 26. Qd2 Bd6 27. Re1 Bh2+
28. Kf1 Rxe1+ 29. Qxe1 Nf4 30. Be4 Nh5 31. Bxb7 Qxb7 32. Qe8+ Kg7 33. Be7 Qb8
34. Qxb8 Bxb8 35. Nc6 Bf4 36. Nb4 Bc1 37. Nxa6 Bxb2 38. Bb4 Nf4 39. Nc7 Nd3 40.
a3 Nxb4 41. axb4 Bxc3 42. Nxb5 Bxb4 43. Ke2 Kf6 44. Nd4 Bc5 45. Nf3 h6 46. Nd2
Ba7 1/2-1/2

[Event "17th 4NCL Congress"]
[Site "Harrogate"]
[Date "2018.01.20"]
[Round "2"]
[Board "3"]
[White "COHEN, Gerald M"]
[Black "HINCHCLIFFE, Gary"]
[Result "1/2-1/2"]
[WhiteElo "1953"]
[BlackElo "1856"]
[PlyCount "76"]
[EventDate "2018.01.19"]
[EventRounds "5"]
[EventCountry "ENG"]

1. d4 d5 2. Bf4 Nf6 3. e3 Bf5 4. c4 c6 5. Qb3 Qb6 6. c5 Qa5+ 7. Nc3 b5 8. h3
Nbd7 9. Nf3 e6 10. Nh4 a6 11. f3 Bg6 12. Bh2 Be7 13. Nxg6 hxg6 14. Bd3 Nh5 15.
O-O-O Bg5 16. Rhe1 Bh4 17. Re2 Bg3 18. Bxg3 Nxg3 19. Ree1 Qc7 20. e4 O-O 21.
Qc2 Qf4+ 22. Qd2 Qxd2+ 23. Rxd2 Rfe8 24. e5 Kf8 25. Ne2 Nxe2+ 26. Rdxe2 Ke7 27.
Kd2 Rh8 28. a4 Rh4 29. Ke3 Rhh8 30. Ra1 Rhb8 31. axb5 axb5 32. Ree1 Kd8 33. Bc2
Kc7 34. Kd2 Kb7 35. h4 Rxa1 36. Rxa1 Rh8 37. g3 Nb8 38. Kc3 Na6 1/2-1/2

[Event "17th 4NCL Congress"]
[Site "Harrogate"]
[Date "2018.01.20"]
[Round "2"]
[Board "4"]
[White "SLINGER, Aj (Tony)"]
[Black "HEALD, Carl"]
[Result "1/2-1/2"]
[WhiteElo "1863"]
[BlackElo "1930"]
[PlyCount "44"]
[EventDate "2018.01.19"]
[EventRounds "5"]
[EventCountry "ENG"]

1. e4 g6 2. d4 Bg7 3. Nf3 c5 4. c3 b6 5. dxc5 Bb7 6. Bd3 bxc5 7. O-O d6 8. Re1
e5 9. Na3 Nf6 10. Nc4 O-O 11. Bc2 Nxe4 12. Bxe4 Bxe4 13. Qxd6 Qxd6 14. Nxd6
Bxf3 15. gxf3 Rd8 16. Nc4 Nc6 17. Be3 Bf8 18. Rad1 f6 19. Kf1 Kf7 20. Ke2 Ke8
21. Rxd8+ Rxd8 22. Rd1 Rxd1 1/2-1/2

[Event "17th 4NCL Congress"]
[Site "Harrogate"]
[Date "2018.01.20"]
[Round "2"]
[Board "5"]
[White "MCKERRACHER, Douglas"]
[Black "ASHCROFT, Graham J"]
[Result "1/2-1/2"]
[WhiteElo "1912"]
[BlackElo "1824"]
[PlyCount "102"]
[EventDate "2018.01.19"]
[EventRounds "5"]
[EventCountry "ENG"]

1. e4 e6 2. d3 c5 3. Nd2 Nc6 4. Ngf3 Nf6 5. g3 Be7 6. Bg2 O-O 7. O-O d5 8. Re1
b6 9. Qe2 Bb7 10. e5 Nd7 11. Nf1 Qc7 12. Bf4 h6 13. h4 Rac8 14. N1h2 Ba6 15. c3
Rfe8 16. Ng4 Bf8 17. Rad1 Ne7 18. Nf6+ gxf6 19. exf6 Qd8 20. fxe7 Qxe7 21. Bh3
Bg7 22. Qd2 Qf6 23. Be5 Qxf3 24. Bxg7 Kxg7 25. Re3 Qf6 26. Qe2 Re7 27. Rf3 Qg6
28. Bf5 exf5 29. Qxe7 Qe6 30. Re1 Qxe7 31. Rxe7 Nf6 32. Rxa7 Bb5 33. Rb7 Rc6
34. b3 c4 35. dxc4 dxc4 36. Rxf5 Ba6 37. Ra7 Bc8 38. Rf3 Be6 39. b4 Rd6 40. Re3
Rd1+ 41. Kg2 Bd5+ 42. f3 Ng4 43. Ree7 Rd2+ 44. Kg1 Nf2 45. Rad7 Nh3+ 46. Kf1
Kf6 47. Rxf7+ Kg6 48. Rg7+ Kf6 49. Rh7 Kg6 50. Rhe7 Kf6 51. Rf7+ Kg6 1/2-1/2

[Event "17th 4NCL Congress"]
[Site "Harrogate"]
[Date "2018.01.20"]
[Round "2"]
[Board "6"]
[White "CAWSTON, M John"]
[Black "BAGLEY, Andy J"]
[Result "1/2-1/2"]
[WhiteElo "1856"]
[BlackElo "1907"]
[PlyCount "75"]
[EventDate "2018.01.19"]
[EventRounds "5"]
[EventCountry "ENG"]

1. Nf3 e6 2. d4 f5 3. g3 Nf6 4. Bg2 d5 5. O-O Bd6 6. c4 c6 7. Qc2 O-O 8. b3
Nbd7 9. Ba3 Bxa3 10. Nxa3 Qe7 11. Qb2 Ne4 12. Rad1 b6 13. b4 Bb7 14. cxd5 exd5
15. e3 Rfe8 16. Rc1 Rac8 17. Rc2 Ndf6 18. Rfc1 Ng4 19. Qb3 Red8 20. Nb1 Kh8 21.
h3 Ngf6 22. Nbd2 Nd7 23. Ne1 b5 24. Nd3 Nd6 25. Nf3 Nc4 26. Nc5 Nxc5 27. dxc5
Ra8 28. Nd4 Qf6 29. a4 a6 30. Ra2 g5 31. axb5 axb5 32. Rca1 f4 33. Rxa8 Bxa8
34. Qc3 fxe3 35. Nxb5 d4 36. Nxd4 Rxd4 37. Rxa8+ Kg7 38. Ra7+ 1/2-1/2

[Event "17th 4NCL Congress"]
[Site "Harrogate"]
[Date "2018.01.20"]
[Round "2"]
[Board "7"]
[White "TANGIRALA, Aditya"]
[Black "WHITEHEAD, Mark A"]
[Result "0-1"]
[WhiteElo "1447"]
[BlackElo "1887"]
[PlyCount "76"]
[EventDate "2018.01.19"]
[EventRounds "5"]
[EventCountry "ENG"]

1. d4 Nf6 2. Bf4 d6 3. e3 g6 4. Bd3 Bg7 5. Nd2 O-O 6. Ngf3 Nbd7 7. c3 Re8 8.
O-O e5 9. Bg5 h6 10. Bxf6 Nxf6 11. Qc2 Qe7 12. e4 Nh5 13. Rfe1 Nf4 14. Bc4 g5
15. Nf1 g4 16. N3d2 exd4 17. cxd4 Bxd4 18. Ng3 Qf6 19. Rab1 c6 20. Nb3 Be5 21.
Nc1 Be6 22. Nce2 Rac8 23. Nxf4 Qxf4 24. Bxe6 fxe6 25. Qb3 Rc7 26. Nf1 Rf7 27.
Re2 Bd4 28. Ne3 Qxe4 29. Rbe1 Qg6 30. Nc4 Bc5 31. Qg3 e5 32. Ne3 h5 33. h3 Rf4
34. Nxg4 Bxf2+ 35. Rxf2 Rxf2 36. Kxf2 Rf8+ 37. Kg1 hxg4 38. Rc1 d5 0-1